| 000 | 00370cam a2200133 i 4500 | ||
|---|---|---|---|
| 020 | _a9780802825711 (pbk. : alk. paper) | ||
| 040 | _cDLC | ||
| 082 | 0 | 0 | _a241 AHA 2002 C165 Or. |
| 100 | 1 | _aRobert, Dana Lee, | |
| 245 | 1 | 0 |
_aFaithful friendships : _bembracing diversity in Christian community / |
| 300 |
_axv, 210 pages ; _c22 cm |
||
| 650 | 0 | _aFriendship | |
| 942 | _cAEDBB | ||
| 999 |
_c19318 _d19318 |
||